5HLuxD.jpg

KING HENRY VIII SENIOR AND PRIMARY SCHOOL LIBRARY OPAC

Ali Baba and the forty thieves / (Record no. 2324)

000 -LEADER
fixed length control field 00929cam a2200301 a 4500
001 - CONTROL NUMBER
control field .b30832184
003 - CONTROL NUMBER IDENTIFIER
control field OCoLC
005 - DATE AND TIME OF LATEST TRANSACTION
control field 20230414085340.0
008 - FIXED-LENGTH DATA ELEMENTS--GENERAL INFORMATION
fixed length control field 030806s2007 enka j 000 1 eng
020 ## - INTERNATIONAL STANDARD BOOK NUMBER
International Standard Book Number 0746057741 (pbk.)
020 ## - INTERNATIONAL STANDARD BOOK NUMBER
International Standard Book Number 9780746057742 (pbk.)
035 ## - SYSTEM CONTROL NUMBER
System control number (OCoLC)52879298
040 ## - CATALOGING SOURCE
Original cataloging agency UKM
Language of cataloging eng
Transcribing agency UKM
Modifying agency SINLB
-- OCLCQ
-- CEG
-- KH8
042 ## - AUTHENTICATION CODE
Authentication code nbic
049 ## - LOCAL HOLDINGS (OCLC)
Holding library CEGA
082 0# - DEWEY DECIMAL CLASSIFICATION NUMBER
Classification number 823.92 DAY
100 1# - MAIN ENTRY--PERSONAL NAME
Personal name Daynes, Katie.
Relator term Author
245 10 - TITLE STATEMENT
Title Ali Baba and the forty thieves /
Statement of responsibility, etc. retold by Katie Daynes ; illustrated by Paddy Mounter.
260 ## - PUBLICATION, DISTRIBUTION, ETC.
Place of publication, distribution, etc. London :
Name of publisher, distributor, etc. Usborne,
Date of publication, distribution, etc. 2007.
300 ## - PHYSICAL DESCRIPTION
Extent 48 p. :
Other physical details col. ill. ;
Dimensions 20 cm.
490 1# - SERIES STATEMENT
Series statement Usborne young reading. Series one.
650 #0 - SUBJECT ADDED ENTRY--TOPICAL TERM
Topical term or geographic name entry element Folklore, Arab
Form subdivision Juvenile literature.
655 #0 - INDEX TERM--GENRE/FORM
Genre/form data or focus term Readers (Primary)
655 #0 - INDEX TERM--GENRE/FORM
Genre/form data or focus term Children's stories.
700 1# - ADDED ENTRY--PERSONAL NAME
Personal name Mounter, Paddy.
Relator term Illustrator
830 #0 - SERIES ADDED ENTRY--UNIFORM TITLE
Uniform title Usborne young reading.
Number of part/section of a work Series one.
942 ## - ADDED ENTRY ELEMENTS (KOHA)
Source of classification or shelving scheme
Koha item type Books - Fiction
Holdings
Withdrawn status Lost status Source of classification or shelving scheme Damaged status Not for loan Collection code Permanent Location Current Location Shelving location Date acquired Total Checkouts Full call number Barcode Date last seen Date last checked out Price effective from Koha item type
          Fiction KH8 Primary School Library KH8 Primary School Library Non Fiction 2023-04-14 2 823.92 DAY KHPL000004073 2025-12-05 2024-02-28 2023-04-14 Books - Fiction

Powered By KH8 IT Dept